|
|
|
|
| LEADER |
02048nam a2200361 a 4500 |
| 001 |
22494 |
| 003 |
BD-DhAAL |
| 008 |
10518r20112007ii a b 001 0 eng d |
| 999 |
|
|
|c 10935
|d 10935
|
| 010 |
|
|
|a 99029981
|
| 020 |
|
|
|a 9780070666993
|
| 020 |
|
|
|a 0070666997
|
| 040 |
|
|
|a BD-DhAAL
|c BD-DhAAL
|
| 082 |
0 |
0 |
|a 658.84
|
| 100 |
1 |
|
|a Cateora, Philip R
|9 39989
|
| 245 |
0 |
0 |
|a International marketing /
|c Philip R Cateora, John L Graham, Prashant Salwan.
|
| 250 |
|
|
|a Thirteen edition
|
| 260 |
|
|
|a New Delhi :
|b Mc Graw-Hill,
|c c2007.[reprinted 2011]
|
| 300 |
|
|
|a xxx, 888 p. :
|b ill. ;
|c 27 cm.
|
| 504 |
|
|
|a Includes index.
|
| 541 |
1 |
|
|e 00022494
|
| 650 |
|
0 |
|a Export marketing.
|9 39990
|
| 650 |
|
0 |
|a International business enterprises.
|9 39991
|
| 700 |
1 |
|
|a Graham, John L.
|9 39992
|
| 700 |
1 |
|
|a Salwan, Prashant.
|9 39993
|
| 852 |
4 |
|
|a Ayesha Abed Library
|j General Stacks
|
| 942 |
0 |
0 |
|0 6
|2 ddc
|c BK
|
| 952 |
|
|
|0 0
|1 0
|2 ddc
|4 0
|6 658_848000000000000_CAT
|7 0
|9 17087
|a BRACUL
|b BRACUL
|c GEN
|d 2011-06-02
|e Development book agency
|g 548.00
|l 13
|m 109
|o 658.848 CAT
|p 3010022494
|r 2021-09-09
|s 2021-02-23
|t 1
|w 2011-06-02
|y BK
|
| 952 |
|
|
|0 0
|1 0
|2 ddc
|4 0
|6 658_848000000000000_CAT
|7 0
|9 17088
|a BRACUL
|b BRACUL
|c GEN
|d 2011-06-02
|e Development book agency
|g 548.00
|l 14
|m 139
|o 658.848 CAT
|p 3010022493
|r 2022-05-18
|s 2022-05-18
|t 2
|w 2011-06-02
|y BK
|
| 952 |
|
|
|0 0
|1 0
|2 ddc
|4 0
|6 658_848000000000000_CAT
|7 0
|9 17089
|a BRACUL
|b BRACUL
|c GEN
|d 2011-06-02
|l 13
|m 150
|o 658.848 CAT
|p 3010023050
|r 2025-05-25
|s 2025-02-24
|t 3
|w 2011-06-02
|y BK
|
| 952 |
|
|
|0 0
|1 0
|2 ddc
|4 0
|6 658_800000000000000_48_CAT
|7 0
|9 17090
|a BRACUL
|b BRACUL
|c GEN
|d 2011-06-02
|e Ideal Library
|g 548.00
|l 18
|m 131
|o 658.848 CAT
|p 3010023049
|r 2022-06-30
|s 2022-06-06
|t 4
|w 2011-06-02
|y BK
|
| 952 |
|
|
|0 0
|1 0
|2 ddc
|4 0
|6 658_848000000000000_CAT
|7 0
|9 17091
|a BRACUL
|b BRACUL
|c GEN
|d 2011-06-02
|l 11
|m 119
|o 658.848 CAT
|p 3010023051
|r 2020-01-16
|s 2019-11-24
|t 5
|w 2011-06-02
|y BK
|
| 952 |
|
|
|0 0
|1 0
|2 ddc
|4 0
|6 658_800000000000000_48_CAT
|7 0
|9 17092
|a BRACUL
|b BRACUL
|c GEN
|d 2011-06-02
|e Ideal Library
|g 548.00
|l 10
|m 85
|o 658.848 CAT
|p 3010023052
|r 2019-12-21
|s 2019-09-24
|t 6
|w 2011-06-02
|y BK
|